Vijaypath (Record no. 20014)
[ view plain ]
| 000 -LEADER | |
|---|---|
| fixed length control field | 03052ngm a2200481 4500 |
| 003 - CONTROL NUMBER IDENTIFIER | |
| control field | dpl |
| 005 - DATE AND TIME OF LATEST TRANSACTION | |
| control field | 20081217123143.0 |
| 007 - PHYSICAL DESCRIPTION FIXED FIELD--GENERAL INFORMATION | |
| fixed length control field | DVD |
| 008 - FIXED-LENGTH DATA ELEMENTS--GENERAL INFORMATION | |
| fixed length control field | ||||||sp199 xxu|||||c ||| 00| 0 ng d |
| 010 ## - LIBRARY OF CONGRESS CONTROL NUMBER | |
| LC control number | DVD-001554-1556 & DVD-005284-5289 |
| 024 ## - OTHER STANDARD IDENTIFIER | |
| Standard number or code | DHIF0551S |
| Terms of availability | 39.00 |
| 035 ## - SYSTEM CONTROL NUMBER | |
| System control number | DVD-001554-1556 |
| 035 ## - SYSTEM CONTROL NUMBER | |
| System control number | DVD-005284-5289 |
| 040 ## - CATALOGING SOURCE | |
| Original cataloging agency | DPL |
| Transcribing agency | DPL |
| 082 ## - DEWEY DECIMAL CLASSIFICATION NUMBER | |
| Classification number | DVD / VIJA |
| 245 ## - TITLE STATEMENT | |
| Title | Vijaypath |
| Statement of responsibility, etc | Time Magnetics (India) Ltd. Presents |
| Medium | [videorecording] DVD/ |
| 260 ## - PUBLICATION, DISTRIBUTION, ETC. (IMPRINT) | |
| Name of publisher, distributor, etc | Moserbaer Entertainment |
| 300 ## - PHYSICAL DESCRIPTION | |
| Extent | 1 videodisc DVD; |
| Other physical details | sd., col. ; |
| Dimensions | 4 3/4 in. |
| Type of unit | DVD |
| 440 ## - SERIES STATEMENT/ADDED ENTRY--TITLE | |
| Title | Moserbaer Home Entertainment |
| 500 ## - GENERAL NOTE | |
| General note | Moserbaer India Ltd. has obtained the necessary licence/conssent from the owner of the copyright in the wroks for making this DVD Film. |
| 538 ## - SYSTEM DETAILS NOTE | |
| System details note | Dolby Digital 5.1 - Hindi Subtitles: English |
| 538 ## - SYSTEM DETAILS NOTE | |
| System details note | This DVD can be played back on DVD Players, multimedia systems & PC with MPEG card interactive with version 2.0 players. |
| 650 ## - SUBJECT ADDED ENTRY--TOPICAL TERM | |
| Topical term or geographic name as entry element | Motion Picture |
| 700 ## - ADDED ENTRY--PERSONAL NAME | |
| Personal name | Shah, Dhirajlal |
| 700 ## - ADDED ENTRY--PERSONAL NAME | |
| Personal name | Siddiquui, Farogh |
| 700 ## - ADDED ENTRY--PERSONAL NAME | |
| Personal name | Malik, Anu |
| 700 ## - ADDED ENTRY--PERSONAL NAME | |
| Personal name | Devgan, Ajay |
| 700 ## - ADDED ENTRY--PERSONAL NAME | |
| Personal name | Tabu |
| 700 ## - ADDED ENTRY--PERSONAL NAME | |
| Personal name | Oberoi, Suresh |
| 700 ## - ADDED ENTRY--PERSONAL NAME | |
| Personal name | Grover, Gulshan |
| 942 ## - ADDED ENTRY ELEMENTS (KOHA) | |
| Koha item type | CD-ROMs, DVDs, VHS |
| Source of classification or shelving scheme | Dewey Decimal Classification |
| Classification part | DVD |
| Call number suffix | VIJA |
| Withdrawn status | Lost status | Source of classification or shelving scheme | Damaged status | Not for loan | Home library | Current library | Date acquired | Source of acquisition | Cost, normal purchase price | Total Checkouts | Full call number | Barcode | Date last seen | Date checked out | Copy number | Cost, replacement price | Price effective from | Koha item type | Total Renewals |
|---|---|---|---|---|---|---|---|---|---|---|---|---|---|---|---|---|---|---|---|
| Dewey Decimal Classification | Central Library | Central Library | 17/12/2008 | Purchase | 39.00 | 12 | DVD VIJA | DVD-001554 | 28/12/2013 | 24/12/2013 | 1 | 39.00 | 17/12/2008 | CD-ROMs, DVDs, VHS | |||||
| Dewey Decimal Classification | Janak Puri | Janak Puri | 05/12/2009 | Pioneers/885/29-10-09/325/13-10-09 /06-11-09 | 39.00 | DVD VIJA | DVD-005284 | 05/12/2009 | 1 | 39.00 | 05/12/2009 | CD-ROMs, DVDs, VHS | |||||||
| Dewey Decimal Classification | Karol Bagh | Karol Bagh | 05/12/2009 | Pioneers/885/29-10-09/325/13-10-09 /06-11-09 | 39.00 | 1 | DVD VIJA | DVD-005287 | 25/08/2013 | 19/08/2013 | 1 | 39.00 | 05/12/2009 | CD-ROMs, DVDs, VHS | |||||
| Dewey Decimal Classification | Narela | Narela | 05/12/2009 | Pioneers/885/29-10-09/325/13-10-09 /06-11-09 | 39.00 | DVD VIJA | DVD-005288 | 05/12/2009 | 1 | 39.00 | 05/12/2009 | CD-ROMs, DVDs, VHS | |||||||
| Dewey Decimal Classification | Patel Nagar | Patel Nagar | 17/12/2008 | Purchase | 39.00 | 8 | DVD VIJA | DVD-001556 | 20/11/2011 | 13/11/2011 | 1 | 39.00 | 17/12/2008 | CD-ROMs, DVDs, VHS | 1 | ||||
| Dewey Decimal Classification | R.K.Puram-8 | R.K.Puram-8 | 05/12/2009 | Pioneers/885/29-10-09/325/13-10-09 /06-11-09 | 39.00 | DVD VIJA | DVD-005285 | 05/12/2009 | 1 | 39.00 | 05/12/2009 | CD-ROMs, DVDs, VHS | |||||||
| Dewey Decimal Classification | Sarojini Nagar | Sarojini Nagar | 17/12/2008 | Purchase | 39.00 | 9 | DVD VIJA | DVD-001555 | 08/09/2014 | 09/06/2012 | 1 | 39.00 | 17/12/2008 | CD-ROMs, DVDs, VHS | |||||
| Dewey Decimal Classification | Shahdara Branch | Shahdara Branch | 05/12/2009 | Pioneers/885/29-10-09/325/13-10-09 /06-11-09 | 39.00 | DVD VIJA | DVD-005289 | 05/12/2009 | 1 | 39.00 | 05/12/2009 | CD-ROMs, DVDs, VHS | |||||||
| Dewey Decimal Classification | Vinoba Puri | Vinoba Puri | 05/12/2009 | Pioneers/885/29-10-09/325/13-10-09 /06-11-09 | 39.00 | DVD VIJA | DVD-005286 | 05/12/2009 | 1 | 39.00 | 05/12/2009 | CD-ROMs, DVDs, VHS |
